Vista normal
Vista MARC
Entrada Personal Name
Número de registros utilizados en: 3
001 - CONTROL NUMBER
- control field: 17682
003 - CONTROL NUMBER IDENTIFIER
- control field: DLC
005 - DATE AND TIME OF LATEST TRANSACTION
- control field: 20251106155612.0
008 - FIXED-LENGTH DATA ELEMENTS
- fixed length control field: 070111n| acannaabn |a aaa c
010 ## - LIBRARY OF CONGRESS CONTROL NUMBER
- LC control number: no2007003917
035 ## - SYSTEM CONTROL NUMBER
- System control number: (OCoLC)oca07297500
040 ## - CATALOGING SOURCE
- Original cataloging agency: MX-AgUA
- Language of cataloging: spa
- Transcribing agency: Mx-PuUPA
- Modifying agency: MX-SlUA
- Modifying agency: Mx-PuUPA
- Description conventions: rda
100 1# - HEADING--PERSONAL NAME
- Personal name: Castilla, Nicolás,
374 ## - OCCUPATION
- Occupation: Autor
375 ## - GENDER
- Gender: hombre
377 ## - ASSOCIATED LANGUAGE
- Language code: spa
400 1# - SEE FROM TRACING--PERSONAL NAME
- Personal name: Castilla Prados, Nicolás
400 1# - SEE FROM TRACING--PERSONAL NAME
- Personal name: Prados, Nicolás Castilla
400 1# - SEE FROM TRACING--PERSONAL NAME
- Personal name: Castilla, N.
- Fuller form of name: (Nicolás)
670 ## - SOURCE DATA FOUND
- Source citation: Invernaderos de plástico: tecnología y manejo, 2005:
- Information found: t.p. (Nicolás Castilla) verso t.p. (Nicolás Castilla Prados) cover (N. Castilla)